Ética profesional
Bewaard in:
| Hoofdauteur: | |
|---|---|
| Formaat: | Boek |
| Taal: | Spanish |
| Gepubliceerd in: |
San José, Costa Rica : UNED
1998
|
| Onderwerpen: | |
| Tags: |
Voeg label toe
Geen labels, Wees de eerste die dit record labelt!
|
MARC
| LEADER | 00000nam a2200000Ia 4500 | ||
|---|---|---|---|
| 003 | 003869 | ||
| 005 | 20240206105025.0 | ||
| 008 | 140114s1998 cr a 000 ||spa d | ||
| 016 | |2 9977646805 | ||
| 040 | |c cru CEDI | ||
| 082 | |a 174 B267e | ||
| 100 | |a Barquero Corrales, Alfredo, 1943-2020 |9 2340 | ||
| 245 | |a Ética profesional |c Alfredo Barquero Corrales | ||
| 260 | |a San José, Costa Rica : UNED |c 1998 | ||
| 300 | |a 279 páginas | ||
| 500 | |a Primera reimpresión de la primera edición 1993 | ||
| 650 | |x ETICA PROFESIONAL | ||
| 942 | |2 ddc |c LIBRO |h 174 B267e |i 003869 |6 174_000000000000000_B267E_003869 | ||
| 999 | |c 12786 |d 12786 | ||
